000 00886nam0a22002651 4500
001 v19\rc\1413180
005 20060512131713.1
035 _a(NLR Aleph) 004541409
090 _a2011834
_c2011834
100 _a20060512d1880 |||y0rusy50 ca
101 0 _arus
102 _aRU
105 _ay z |||||
200 1 _aФинансовое право
_e1 кл. Имп. Алекс. лицея
_eКурс 1879-1880 г.
_fПр. Грифцов
210 _a[Санкт-Петербург]
_cлит. Коплевской
_d[1880]
215 _a[2], 515, [212] с.
_d37
309 _aНаписано от руки. Литогр.
700 1 _aГрифцов
_bН. А.
_gНиколай Афанасьевич
801 0 _aRU
_bNLR
_gpsbo
801 0 _aRU
_bRuMoRGB
_2psbo
801 1 _aRU
_bProSoft-M
_2rusmarc
852 _aNLR
_j18.38.1.5
852 _aNLR
_j18.233.1.77
942 _cBOOK
980 _aNB